Charles Correa /

Bibliographic Details
Main Author: Khan, Hasan-Uddin
Other Authors: Cantacuzino, Sherban, Correa, Charles, 1930-2015
Format: Book
Language:English
Published: Singapore : New York : Concept Media ; Aperture, 1987.
Edition:Completely rev. ed.
Series:Architects in the third world.
Subjects:

MARC

Tag First Indicator Second Indicator Subfields
LEADER 00000cam a2200000 a 4500
001 in00000018980
005 20151007054126.0
008 870330s1987 si abe b 00010 eng d
020 |a 9971845296 
020 |a 0893812390 :  |c 30.00 
035 |a (OCoLC)15433320 
035 |9 AAB4062AM 
040 |a VZQ  |c VZQ  |d FLL  |d m/c  |d NRC  |d TXA  |d UtOrBLW 
043 |a a-ii--- 
049 |a TXAM  |c [A11114110] 
050 4 |a NA1510.C6  |b K52 1987 
100 1 |a Khan, Hasan-Uddin. 
245 1 0 |a Charles Correa /  |c Hasan-Uddin Khan ; with essays by Sherban Cantacuzino and Charles Correa. 
250 |a Completely rev. ed. 
264 1 |a Singapore :  |b Concept Media ;  |a New York :  |b Aperture,  |c 1987. 
300 |a 176 pages :  |b illustrations (some color), map, plans ;  |c 28 cm. 
336 |a text  |b txt  |2 rdacontent 
337 |a unmediated  |b n  |2 rdamedia 
338 |a volume  |b nc  |2 rdacarrier 
490 1 |a Architects in the third world 
500 |a "A Mimar book." 
504 |a Bibliography: pages 162-164. 
600 1 0 |a Correa, Charles,  |d 1930-2015. 
650 0 |a Architects  |z India. 
650 0 |a Architecture  |z India  |y 20th century. 
700 1 |a Cantacuzino, Sherban. 
700 1 |a Correa, Charles,  |d 1930-2015. 
830 0 |a Architects in the third world. 
999 |a MARS 
999 f f |s 0ad709e6-4d71-3aab-ab2b-d9ecf69d2553  |i 5b0f22d1-f1a9-3bc0-ab68-a3a9d151a68f  |t 0 
952 f f |p ric  |a Texas A&M University  |b Rellis Campus  |c Joint Library Facility  |d Remote Storage  |t 0  |e NA1510.C6 K52 1987  |h Library of Congress classification  |i unmediated -- volume  |m A14811114110 
998 f f |a NA1510.C6 K52 1987  |t 0  |l Remote Storage